| 000 | 00957nam a22002417a 4500 | ||
|---|---|---|---|
| 005 | 20240530110509.0 | ||
| 008 | 151026s2011 ua abo f 000 0 ara d | ||
| 017 |
_a2011/8840 _bمصر . دار الكتب المصرية |
||
| 040 | _aEG-CaGPL | ||
| 082 | 0 | 4 |
_221 _a333.91 _bق/ن د |
| 100 | 0 | _aنادر نور الدين محمد | |
| 245 | 1 | 0 |
_aدول حوض النيل بين الاستثمار و الاستغلال و الصراع / _cنادر نور الدين محمد |
| 250 | _aط1 | ||
| 260 |
_aالقاهرة : _bمكتبة جزيرة الورد ، _c2011 . |
||
| 300 |
_a176 ص : _bخرائط ، صور ؛ _c24 سم . |
||
| 650 | 0 | 4 |
_aنهر النيل _xالاحوال الاقتصادية |
| 650 | 0 | 4 |
_aنهر النيل _xالصراع |
| 650 | 0 | 4 |
_aنهر النيل _xالاستثمار |
| 650 | 0 | 4 |
_aالمياة _xاقتصاديات |
| 650 | 0 | 4 | _aحق المياة |
| 942 |
_2ddc _cBK |
||
| 999 |
_c61641 _d61641 |
||